Software engineering : a practitioner's approach (Record no. 61765)
[ view plain ]
| 000 -LEADER | |
|---|---|
| fixed length control field | 00788nam a22002297a 4500 |
| 003 - CONTROL NUMBER IDENTIFIER | |
| control field | NUST-PNEC |
| 005 - DATE AND TIME OF LATEST TRANSACTION | |
| control field | 20170116180730.0 |
| 008 - FIXED-LENGTH DATA ELEMENTS--GENERAL INFORMATION | |
| fixed length control field | 141114b xxu||||| |||| 00| 0 eng d |
| 020 ## - INTERNATIONAL STANDARD BOOK NUMBER | |
| International Standard Book Number | 0071238409 |
| 020 ## - INTERNATIONAL STANDARD BOOK NUMBER | |
| International Standard Book Number | 9780071238403 |
| 040 ## - CATALOGING SOURCE | |
| Transcribing agency | PNEC |
| 082 ## - DEWEY DECIMAL CLASSIFICATION NUMBER | |
| Classification number | 005.1 PRE |
| 100 ## - MAIN ENTRY--PERSONAL NAME | |
| 9 (RLIN) | 974 |
| Personal name | Pressman, Roger S. |
| 245 ## - TITLE STATEMENT | |
| Title | Software engineering : a practitioner's approach |
| Statement of responsibility, etc. | Roger S. Pressman |
| 250 ## - EDITION STATEMENT | |
| Edition statement | 6th ed. |
| 260 ## - PUBLICATION, DISTRIBUTION, ETC. | |
| Place of publication, distribution, etc. | Boston, Mass. ; London : |
| Name of publisher, distributor, etc. | McGraw-Hill Higher Education, |
| Date of publication, distribution, etc. | c2005. |
| 300 ## - PHYSICAL DESCRIPTION | |
| Extent | 912 p. : |
| Other physical details | ill. ; |
| Dimensions | 24 cm. |
| 500 ## - GENERAL NOTE | |
| General note | Includes Index |
| 650 ## - SUBJECT ADDED ENTRY--TOPICAL TERM | |
| General subdivision | Computer, MIS |
| 856 ## - ELECTRONIC LOCATION AND ACCESS | |
| Uniform Resource Identifier | <a href="http://www.amazon.com/Software-Engineering-Practitioners-Approach-6th/dp/0071238409/ref=sr_1_1?s=books&ie=UTF8&qid=1415960874&sr=1-1&keywords=0071238409">http://www.amazon.com/Software-Engineering-Practitioners-Approach-6th/dp/0071238409/ref=sr_1_1?s=books&ie=UTF8&qid=1415960874&sr=1-1&keywords=0071238409</a> |
| 942 ## - ADDED ENTRY ELEMENTS (KOHA) | |
| Source of classification or shelving scheme | |
| Koha item type | Book |
| Withdrawn status | Lost status | Source of classification or shelving scheme | Damaged status | Not for loan | Permanent Location | Current Location | Shelving location | Date acquired | Source of acquisition | Cost, normal purchase price | Total Checkouts | Full call number | Barcode | Date last seen | Cost, replacement price | Price effective from | Koha item type | Date last checked out |
|---|---|---|---|---|---|---|---|---|---|---|---|---|---|---|---|---|---|---|
| Pakistan Navy Engineering College (PNEC) | Pakistan Navy Engineering College (PNEC) | 07/18/2005 | Progressive International Agency | 1890.00 | 005.1 PRE | PNECLIB-027434 | 11/14/2014 | 1890.00 | 07/18/2005 | Book | ||||||||
| Pakistan Navy Engineering College (PNEC) | Pakistan Navy Engineering College (PNEC) | 01/23/2010 | ZS Dictionary Shop | 350.00 | 005.1 PRE | PNECLIB-029453 | 11/14/2014 | 350.00 | 01/23/2010 | Book | ||||||||
| Pakistan Navy Engineering College (PNEC) | Pakistan Navy Engineering College (PNEC) | 06/21/2008 | Paramount Publishing Enterprise | 425.00 | 005.1 PRE | PNECLIB-028700 | 11/14/2014 | 425.00 | 06/21/2008 | Book | ||||||||
| Pakistan Navy Engineering College (PNEC) | Pakistan Navy Engineering College (PNEC) | 12/14/2009 | Fair Book Centre | 1650.00 | 4 | 005.1 PRE | PNECLIB-029397 | 05/31/2016 | 1650.00 | 12/14/2009 | Book | 05/05/2016 | ||||||
| Pakistan Navy Engineering College (PNEC) | Pakistan Navy Engineering College (PNEC) | 06/04/2010 | Progressive International Agency | 2218.27 | 3 | 005.1 PRE | PNECLIB-029706 | 06/02/2016 | 2218.27 | 06/04/2010 | Book | 04/18/2016 | ||||||
| Pakistan Navy Engineering College (PNEC) | Pakistan Navy Engineering College (PNEC) | 01/23/2010 | ZS Dictionary Shop | 350.00 | 005.1 PRE | PNECLIB-029455 | 11/14/2014 | 350.00 | 01/23/2010 | Book | ||||||||
| Pakistan Navy Engineering College (PNEC) | Pakistan Navy Engineering College (PNEC) | 01/23/2010 | ZS Dictionary Shop | 350.00 | 1 | 005.1 PRE | PNECLIB-029451 | 05/31/2016 | 350.00 | 01/23/2010 | Book | 02/25/2016 | ||||||
| Pakistan Navy Engineering College (PNEC) | Pakistan Navy Engineering College (PNEC) | 06/07/2010 | Fair Book Centre | 1275.00 | 1 | 005.1 PRE | PNECLIB-028313 | 03/03/2016 | 1275.00 | 06/07/2010 | Book | 03/03/2016 | ||||||
| Pakistan Navy Engineering College (PNEC) | Pakistan Navy Engineering College (PNEC) | 06/13/2007 | Standard Books | 1275.00 | 1 | 005.1 PRE | PNECLIB-028312 | 06/01/2016 | 1275.00 | 06/13/2007 | Book | 02/26/2016 | ||||||
| Pakistan Navy Engineering College (PNEC) | Pakistan Navy Engineering College (PNEC) | 12/14/2009 | Fair Book Centre | 1487.50 | 005.1 PRE | PNECLIB-029396 | 11/14/2014 | 1487.50 | 12/14/2009 | Book | ||||||||
| Pakistan Navy Engineering College (PNEC) | Pakistan Navy Engineering College (PNEC) | 01/23/2010 | I & M Fund | 350.00 | 005.1 PRE | PNECLIB-029454 | 11/20/2014 | 350.00 | 01/23/2010 | Book | ||||||||
| Pakistan Navy Engineering College (PNEC) | Pakistan Navy Engineering College (PNEC) | 01/23/2010 | I & M Fund | 350.00 | 1 | 005.1 PRE | PNECLIB-029452 | 06/02/2016 | 350.00 | 01/23/2010 | Book | 02/25/2016 |
